000
00312nam a22001097a 4500
082
_a
330.95491 SBP
100
_a
State Bank of Pakistan
245
_a
Banking Statistics of Pakistan 2004-2005
_c
State Bank of Pakistan
300
_a
508p
942
_2
ddc
_c
BK
999
_c
586073
_d
586073